[Event "WJCC U20 Open 2019"]
[Site "New Delhi"]
[Date "2019.10.16"]
[Round "2.19"]
[White "Wang, Shixu B"]
[Black "Gholami, Aryan"]
[Result "1/2-1/2"]
[WhiteElo "2370"]
[BlackElo "2554"]
[Annotator "RC"]
[PlyCount "66"]
[EventDate "2019.10.15"]
[EventType "swiss"]
[EventCountry "IND"]
[SourceTitle "playchess.com"]
[Source "ChessBase"]
[SourceQuality "1"]
[TimeControl "40/5400+30:1800+30"]

1. d4 {[%emt 0:00:00]} Nf6 {[%emt 0:00:00]} 2. c4 {[%emt 0:00:00]} e6 {[%emt 0:00:00]} 3. Nf3 {[%emt 0:00:00]} d5 {[%emt 0:00:44]} 4. Nc3 {[%emt 0:00:23]} Bb4 {[%emt 0:00:11]} 5. e3 {[%emt 0:02:32]} O-O {[%emt 0:00:20]} 6. Bd2 {[%emt 0:05:15]} c6 {[%emt 0:01:17]} 7. Bd3 {[%emt 0:02:15]} Nbd7 {[%emt 0:00:12]} 8. O-O {[%emt 0:00:08]} Qe7 {[%emt 0:04:57]} 9. a3 {[%emt 0:00:25]} dxc4 {[%emt 0:00:59]} 10. Bxc4 {[%emt 0:01:14]} Bd6 {[%emt 0:02:07]} 11. Qc2 {[%emt 0:23:06]} b5 {[%emt 0:15:12]} 12. Bd3 {[%emt 0:02:47]} Bb7 {[%emt 0:00:07]} 13. Ng5 {[%emt 0:09:11]} h6 {[%emt 0:34:36]} 14. Nge4 {[%emt 0:00:05]} Nxe4 {[%emt 0:00:31]} 15. Nxe4 {[%emt 0:00:23]} c5 {[%emt 0:00:25]} 16. dxc5 {[%emt 0:15:50]} Nxc5 {[%emt 0:00:48]} 17. Nxc5 {[%emt 0:00:32]} Bxc5 {[%emt 0:00:21]} 18. Bh7+ {[%emt 0:01:46]} Kh8 {[%emt 0:00:06]} 19. Be4 {[%emt 0:00:04]} Rac8 {[%emt 0:01:11]} 20. Bc3 {[%emt 0:00:13]} a5 {[%emt 0:01:31]} 21. Bxb7 {[%emt 0:02:57]} Qxb7 {[%emt 0:00:07]} 22. Rfd1 {[%emt 0:04:52]} b4 {[%emt 0:11:31]} 23. axb4 {[%emt 0:00:30]} axb4 {[%emt 0:00:06]} 24. Qb3 {[%emt 0:00:19]} Rfd8 {[%emt 0:00:09]} 25. Rac1 {[%emt 0:11:19]} Qb6 {[%emt 0:02:55]} 26. Rxd8+ {[%emt 0:06:22]} Rxd8 {[%emt 0:00:06]} 27. Be1 {[%emt 0:00:14]} Be7 {[%emt 0:02:13]} 28. h3 {[%emt 0:03:05]} Kg8 {[%emt 0:03:17]} 29. Qc2 {[%emt 0:01:58]} h5 {[%emt 0:02:36]} 30. b3 {[%emt 0:01:13]} h4 {[%emt 0:00:07]} 31. Qc7 {[%emt 0:01:20]} Bf6 {[%emt 0:01:42]} 32. Qf4 {[%emt 0:00:46]} Rd3 {[%emt 0:05:47]} 33. Qxb4 {[%emt 0:01:18]} Rxb3 {[%emt 0:00:04]} 1/2-1/2

[Event "WJCC U20 Open 2019"]
[Site "New Delhi"]
[Date "2019.10.16"]
[Round "2.20"]
[White "Kuybokarov, Temur"]
[Black "Muthaiah AL"]
[Result "1-0"]
[WhiteElo "2501"]
[BlackElo "2370"]
[Annotator "TA"]
[PlyCount "121"]
[EventDate "2019.10.15"]
[EventType "swiss"]
[EventCountry "IND"]
[SourceTitle "playchess.com"]
[Source "ChessBase"]
[SourceQuality "1"]

{[%evp 11,129,7,9,14,18,12,15,16,21,18,18,18,12,11,15,10,29,30,45,11,85,52,85,82,87,40,57,37,85,83,82,76,74,73,116,116,117,125,153,121,123,128,128,106,111,114,117,115,107,10,64,8,12,9,35,45,62,49,57,0,0,0,0,0,0,0,0,0,0,0,0,-169,0,0,0,0,0,-8,0,0,0,0,0,0,0,0,8,8,22,48,592,630,615,248,592,592,592,592,592,558,602,602,602,602,595,592,29974,29975,29974,29976,29976,29977,29976,29976,29984,29985,29991,29992,29992,29992]} 1. e4 c6 2. d4 d5 3. e5 Bf5 4. h4 h5 5. Bd3 Bxd3 6. Qxd3 e6 7. Bg5 {B12: Caro-Kann: Advance Variation} Be7 8. Nf3 Nh6 9. Nc3 {[%cal Bb1c3,Bc3e2,Be2g3][%mdl 32] The position is equal.} Nf5 10. a3 $146 ({Predecessor:} 10. Ne2 c5 11. c3 cxd4 12. Nexd4 Nxd4 13. cxd4 Qa5+ 14. Ke2 Qa6 15. Qxa6 Nxa6 {½-½ (41) Ter Sahakyan,S (2611)-Pantsulaia,L (2614) Mumbai 2019}) 10... Nd7 11. Ne2 c5 12. c3 c4 13. Qd2 Nf8 14. Ng3 $36 {[%mdl 2048] White has some pressure.} Qd7 15. O-O O-O-O (15... Nxg3 $11 16. fxg3 Ng6) 16. a4 Ng6 17. Nxf5 exf5 18. Bxe7 Qxe7 19. Qc2 Nxh4 20. Nxh4 Qxh4 21. Qxf5+ Rd7 22. f4 g6 23. Qg5 Qxg5 24. fxg5 $16 {[%mdl 4096] Endgame KRR-KRR} h4 25. Rf6 Rh5 26. Raf1 Rxg5 27. Kh2 ({Don't play} 27. Rxf7 $6 Rxf7 28. Rxf7 h3 $11) 27... Rg4 28. Rxf7 Rxf7 29. Rxf7 {KR-KR} Re4 30. Rf6 (30. Kh3 $16) 30... g5 ({Black should play} 30... Re2 $11) 31. Rd6 (31. Rg6 $14) 31... Re2 $1 $11 32. Kh3 Re3+ 33. Kg4 Rg3+ {[%mdl 64] Double Attack} 34. Kf5 Rxg2 35. Rh6 ({White should try} 35. Rxd5 $14 h3 36. e6) 35... Kd7 36. Rh7+ Kc6 37. Rh6+ Kd7 $1 38. Rh8 Kc6 39. e6 Re2 40. Kf6 g4 {White must now prevent ...g3.} 41. Kf7 $2 (41. e7 $11 {and White is okay.} g3 42. Rc8+ Kd7 43. Rd8+ Kc7 44. Rg8) 41... h3 $2 (41... g3 $19 42. Rxh4 g2) 42. e7 g3 {Hoping for ...g2.} 43. Rxh3 Kd7 (43... g2 $5 44. Rg3 $8 Rf2+ 45. Ke6 Re2+ 46. Kf7 Rf2+ 47. Ke6 Re2+ 48. Kf7 $11) 44. Rxg3 Rxe7+ 45. Kf6 {Strongly threatening Rg7.} Re2 46. Kf5 b6 47. Rg6 Kc7 48. Re6 Rxb2 49. Ke5 Ra2 50. Kxd5 {And now Re7+ would win.} Rxa4 $2 {[%mdl 8192]} ({Better is} 50... Kb7 $1 $14) 51. Re7+ $18 Kd8 52. Rb7 (52. Rh7 $142 Ra3 53. Kxc4) 52... Ra3 $2 (52... b5 53. Rxb5 Kc7) 53. Kd6 $1 {[%cal Rb7b8]} Ke8 {[#]} 54. Re7+ $1 Kf8 55. Re3 b5 {aiming for ...b4!} 56. Kc5 Rb3 57. d5 {d6 is the strong threat.} b4 {[#]} 58. d6 $1 {[%cal Rd6d7] White threatens d7 and mate.} bxc3 {intending ...c2.} 59. d7 {White mates.} Rb8 60. Kd6 c2 61. Rf3+ {Played: Re3-c3} 1-0

[Event "WJCC U20 Open 2019"]
[Site "New Delhi"]
[Date "2019.10.16"]
[Round "2.21"]
[White "O`Donnell, Conor"]
[Black "Nigmatov, Ortik"]
[Result "1/2-1/2"]
[WhiteElo "2345"]
[BlackElo "2494"]
[Annotator "ChessBase"]
[PlyCount "179"]
[EventDate "2019.10.15"]
[EventType "swiss"]
[EventCountry "IND"]
[SourceTitle "playchess.com"]
[Source "ChessBase"]
[SourceQuality "1"]
[TimeControl "40/5400+30:1800+30"]

1. c4 {[%emt 0:00:00]} Nf6 {[%emt 0:00:00]} 2. Nc3 {[%emt 0:00:00]} g6 {[%emt 0:00:00]} 3. e4 {[%emt 0:00:22]} d6 {[%emt 0:00:00]} 4. d4 {[%emt 0:00:14]} Bg7 {[%emt 0:00:08]} 5. Be2 {[%emt 0:00:18]} O-O {[%emt 0:00:15]} 6. Be3 {[%emt 0:00:05]} c5 {[%emt 0:05:21]} 7. dxc5 {[%emt 0:00:16]} Qa5 {[%emt 0:00:27]} 8. Bd2 {[%emt 0:00:30]} Qxc5 {[%emt 0:00:19]} 9. Nf3 {[%emt 0:00:24]} Bg4 {[%emt 0:04:01]} 10. Be3 Qa5 {[%emt 0:03:19]} 11. O-O {[%emt 0:01:13]} Nbd7 {[%emt 0:01:45]} 12. a3 {[%emt 0:04:21]} Rfc8 {[%emt 0:01:34]} 13. b4 {[%emt 0:03:29]} Qd8 {[%emt 0:00:15]} 14. Rc1 {[%emt 0:01:06]} Qf8 {[%emt 0:25:46]} 15. Qd2 {[%emt 0:13:27]} Be6 {[%emt 0:07:24]} 16. Qa2 {[%emt 0:04:59]} Ne5 {[%emt 0:12:12]} 17. Nxe5 {[%emt 0:06:19]} dxe5 {[%emt 0:00:05]} 18. Bd3 {[%emt 0:03:16]} Bh6 {[%emt 0:01:46]} 19. Bxh6 {[%emt 0:07:18]} Qxh6 {[%emt 0:00:03]} 20. Qe2 {[%emt 0:01:47]} Qg5 {[%emt 0:01:31]} 21. c5 {[%emt 0:11:04]} Rd8 {[%emt 0:02:21]} 22. g3 {[%emt 0:09:45]} Rd4 {[%emt 0:08:21]} 23. Rcd1 {[%emt 0:03:57]} Rad8 {[%emt 0:00:11]} 24. Rc1 {[%emt 0:00:00]} Ra8 {[%emt 0:00:49]} 25. Rcd1 {[%emt 0:01:00]} Rad8 {[%emt 0:00:11]} 26. Rc1 {[%emt 0:00:00]} Ra8 {[%emt 0:00:49]} 27. Rcd1 {[%emt 0:01:00]} Rad8 {[%emt 0:00:11]} 28. Nb5 {[%emt 0:05:15]} R4d7 {[%emt 0:00:30]} 29. Nxa7 {[%emt 0:00:30]} Nh5 {[%emt 0:05:02]} 30. h4 {[%emt 0:03:47]} Qg4 {[%emt 0:14:12]} 31. c6 {[%emt 0:03:01]} bxc6 {[%emt 0:00:09]} 32. Nxc6 {[%emt 0:00:28]} Rxd3 {[%emt 0:01:55]} 33. Qxg4 {[%emt 0:00:27]} Bxg4 {[%emt 0:00:05]} 34. Rxd3 {[%emt 0:00:25]} Rxd3 {[%emt 0:00:09]} 35. Nxe5 {[%emt 0:01:07]} Rxa3 {[%emt 0:00:09]} 36. Nxg4 {[%emt 0:00:32]} Rb3 {[%emt 0:00:59]} 37. Ne5 {[%emt 0:04:35]} Rxb4 {[%emt 0:00:10]} 38. Re1 {[%emt 0:00:13]} Nf6 {[%emt 0:01:45]} 39. Nc6 {[%emt 0:00:16]} Rb7 {[%emt 0:01:16]} 40. Re2 {[%emt 0:07:24]} Kg7 {[%emt 0:00:32]} 41. f3 {[%emt 0:30:44]} Rc7 {[%emt 0:30:18]} 42. Rc2 {[%emt 0:00:55]} Nd7 {[%emt 0:00:56]} 43. Nd4 {[%emt 0:02:20]} Rb7 {[%emt 0:00:22]} 44. Kf2 {[%emt 0:00:53]} e5 {[%emt 0:02:03]} 45. Ne2 {[%emt 0:02:35]} f5 {[%emt 0:00:40]} 46. Nc3 {[%emt 0:00:00]} Nf6 {[%emt 0:00:00]} 47. exf5 {[%emt 0:00:00]} gxf5 {[%emt 0:00:00]} 48. Re2 {[%emt 0:00:00]} e4 {[%emt 0:00:00]} 49. Nd1 {[%emt 0:00:00]} Kg6 {[%emt 0:00:00]} 50. Ne3 {[%emt 0:00:00]} Rb3 {[%emt 0:00:00]} 51. fxe4 {[%emt 0:00:00]} fxe4 {[%emt 0:00:00]} 52. g4 {[%emt 0:00:00]} Kf7 {[%emt 0:00:00]} 53. g5 {[%emt 0:00:00]} Nh5 {[%emt 0:00:00]} 54. Nc4 {[%emt 0:00:00]} Rf3+ {[%emt 0:00:00]} 55. Kg1 {[%emt 0:00:50]} Ke6 {[%emt 0:00:00]} 56. Nd2 {[%emt 0:01:59]} Rg3+ {[%emt 0:00:00]} 57. Kh2 {[%emt 0:00:31]} Rd3 {[%emt 0:00:51]} 58. Nxe4 {[%emt 0:00:36]} Kf5 {[%emt 0:00:10]} 59. Nf2 {[%emt 0:02:05]} Rf3 {[%emt 0:00:12]} 60. Kg2 {[%emt 0:01:03]} Ra3 {[%emt 0:01:41]} 61. Re7 {[%emt 0:00:56]} Nf4+ {[%emt 0:00:14]} 62. Kg1 {[%emt 0:00:49]} Kg6 {[%emt 0:03:35]} 63. Re4 {[%emt 0:00:01]} Rg3+ {[%emt 0:00:45]} 64. Kf1 {[%emt 0:00:53]} Rf3 {[%emt 0:00:07]} 65. Kg1 {[%emt 0:00:32]} Kh5 {[%emt 0:01:50]} 66. Re7 {[%emt 0:00:06]} Kg6 {[%emt 0:00:19]} 67. Re4 {[%emt 0:00:15]} Nd5 {[%emt 0:01:06]} 68. Kg2 {[%emt 0:00:13]} Rb3 {[%emt 0:00:10]} 69. Re6+ {[%emt 0:00:52]} Kf5 {[%emt 0:00:12]} 70. Rh6 {[%emt 0:00:30]} Rb7 {[%emt 0:01:54]} 71. Kf3 {[%emt 0:00:30]} Rb3+ {[%emt 0:00:39]} 72. Ke2 {[%emt 0:00:54]} Rb2+ {[%emt 0:00:59]} 73. Kf3 {[%emt 0:00:20]} Rb3+ {[%emt 0:00:24]} 74. Ke2 {[%emt 0:00:07]} Nf4+ {[%emt 0:00:06]} 75. Kd2 {[%emt 0:00:50]} Rb7 {[%emt 0:01:27]} 76. Rf6+ {[%emt 0:00:32]} Ke5 {[%emt 0:00:01]} 77. Ng4+ {[%emt 0:00:44]} Ke4 78. Nf2+ {[%emt 0:00:12]} Ke5 {[%emt 0:00:10]} 79. Nd3+ {[%emt 0:00:22]} Nxd3 {[%emt 0:00:06]} 80. Kxd3 {[%emt 0:00:04]} Rb4 {[%emt 0:01:45]} 81. Rh6 {[%emt 0:00:18]} Rb7 {[%emt 0:00:06]} 82. Ke3 {[%emt 0:00:42]} Kf5 {[%emt 0:00:19]} 83. Kd4 {[%emt 0:00:37]} Ra7 {[%emt 0:00:23]} 84. Kc5 {[%emt 0:00:44]} Rg7 {[%emt 0:01:06]} 85. Kd5 {[%emt 0:00:49]} Ra7 {[%emt 0:00:14]} 86. Rf6+ {[%emt 0:00:27]} Kg4 {[%emt 0:00:06]} 87. Rh6 {[%emt 0:00:08]} Kf5 {[%emt 0:00:05]} 88. Rf6+ {[%emt 0:00:45]} Kg4 {[%emt 0:00:03]} 89. Rh6 {[%emt 0:00:07]} Kf5 {[%emt 0:00:07]} 90. Rf6+ {[%emt 0:00:13] Ke5+} 1/2-1/2

[Event "WJCC U20 Open 2019"]
[Site "New Delhi"]
[Date "2019.10.16"]
[Round "2.22"]
[White "Arjun Kalyan"]
[Black "Saurabh Anand"]
[Result "1/2-1/2"]
[WhiteElo "2483"]
[BlackElo "2236"]
[Annotator "RC"]
[PlyCount "79"]
[EventDate "2019.10.15"]
[EventType "swiss"]
[EventCountry "IND"]
[SourceTitle "playchess.com"]
[Source "ChessBase"]
[SourceQuality "1"]
[TimeControl "40/5400+30:1800+30"]

1. e4 {[%emt 0:00:00]} e5 {[%emt 0:00:07]} 2. Nf3 {[%emt 0:00:00]} Nc6 {[%emt 0:00:10]} 3. Bc4 {[%emt 0:00:00]} Nf6 {[%emt 0:00:18]} 4. d3 {[%emt 0:00:08]} Be7 {[%emt 0:00:46]} 5. O-O {[%emt 0:00:24]} O-O {[%emt 0:00:11]} 6. Re1 {[%emt 0:00:13]} d6 {[%emt 0:00:48]} 7. a4 {[%emt 0:00:17]} Na5 {[%emt 0:00:58]} 8. Ba2 {[%emt 0:00:11]} c5 {[%emt 0:00:20]} 9. Na3 {[%emt 0:00:21]} Nc6 {[%emt 0:01:33]} 10. c3 {[%emt 0:00:13]} a6 {[%emt 0:01:03]} 11. h3 {[%emt 0:03:10]} h6 {[%emt 0:01:11]} 12. Bd2 {[%emt 0:01:24]} Re8 {[%emt 0:01:30]} 13. Nc2 {[%emt 0:04:31]} Be6 {[%emt 0:03:14]} 14. Bxe6 {[%emt 0:02:39]} fxe6 {[%emt 0:00:37]} 15. b4 {[%emt 0:00:35]} cxb4 {[%emt 0:02:38]} 16. Nxb4 {[%emt 0:00:29]} Nxb4 {[%emt 0:06:43]} 17. cxb4 {[%emt 0:01:04]} b5 {[%emt 0:03:52]} 18. Qb3 {[%emt 0:13:59]} Qd7 {[%emt 0:06:01]} 19. axb5 {[%emt 0:03:56]} axb5 {[%emt 0:01:34]} 20. Ra5 {[%emt 0:02:14]} Rab8 21. Rea1 {[%emt 0:01:19]} Rb7 {[%emt 0:08:28]} 22. Be3 {[%emt 0:04:18]} Rc8 {[%emt 0:02:12]} 23. Ra7 {[%emt 0:03:45]} Kf7 {[%emt 0:00:58]} 24. g4 {[%emt 0:06:17]} Nh7 {[%emt 0:02:57]} 25. Rxb7 {[%emt 0:16:12]} Qxb7 {[%emt 0:01:02]} 26. Ra7 {[%emt 0:00:02]} Qc6 {[%emt 0:01:04]} 27. Qa2 {[%emt 0:01:35]} Rc7 {[%emt 0:05:03]} 28. Ra6 {[%emt 0:01:02]} Qc3 {[%emt 0:06:33]} 29. Bc5 {[%emt 0:07:00]} Ng5 {[%emt 0:03:39]} 30. Be3 {[%emt 0:00:00]} Nh7 {[%emt 0:00:00]} 31. Bc5 {[%emt 0:01:00]} Ng5 {[%emt 0:01:00]} 32. Nxg5+ {[%emt 0:10:41]} hxg5 {[%emt 0:00:30]} 33. Ra7 Qxd3 {[%emt 0:07:02]} 34. Be3 {[%emt 0:01:00]} Rxa7 {[%emt 0:17:11]} 35. Qxa7 {[%emt 0:00:55]} Qb1+ {[%emt 0:02:29]} 36. Kh2 {[%emt 0:00:06]} Qxb4 {[%emt 0:00:29]} 37. Bxg5 {[%emt 0:04:13]} d5 {[%emt 0:00:07]} 38. exd5 exd5 39. Qb7 Qc5 40. Qa7 1/2-1/2

[Event "WJCC U20 Open 2019"]
[Site "New Delhi"]
[Date "2019.10.16"]
[Round "2.23"]
[White "Janik, Igor"]
[Black "Risting, Eivind Olav"]
[Result "1-0"]
[WhiteElo "2467"]
[BlackElo "2289"]
[Annotator "TA"]
[PlyCount "108"]
[EventDate "2019.10.15"]
[EventType "swiss"]
[EventCountry "IND"]
[SourceTitle "playchess.com"]
[Source "ChessBase"]
[SourceQuality "1"]

{[%evp 9,108,8,3,13,16,11,16,19,10,6,4,6,54,7,14,0,0,0,1,1,3,0,10,0,0,0,0,-16,-17,-18,58,56,70,64,89,63,81,84,82,102,77,81,199,208,208,208,208,208,204,202,204,193,197,192,194,176,211,208,203,206,191,183,244,241,244,225,249,250,245,245,246,237,238,210,250,216,232,210,198,207,235,235,292,290,314,326,328,326,387,366,371,385,360,361,446,445,462,429,507,512,452]} 1. e4 c5 2. Nf3 d6 3. Bb5+ Bd7 4. a4 Nf6 5. d3 g6 6. O-O {B52: Sicilian: Moscow Variation with 3...Bd7} Bg7 7. e5 dxe5 8. Nxe5 {The position is equal.} O-O 9. Qf3 Qc8 10. Re1 Be6 11. Bg5 $146 ({Predecessor:} 11. a5 Bd5 12. Qd1 e6 13. Nc3 {1-0 (44) Hess,R (2590)-Tan,M (1998) Philadelphia 2010}) 11... Nbd7 {next ...Nxe5 is good for Black.} 12. Nc3 Nxe5 13. Rxe5 Ng4 14. Re4 a6 15. Bc4 $36 {[%mdl 2048] [#] Rxe6! is the strong threat. Black is under pressure.} Ne5 16. Qe3 Nxc4 17. dxc4 Bd4 18. Qg3 Qc6 19. Rae1 Rfe8 ({Black should play} 19... Bxc4 $11 20. Qh4 (20. Bxe7 Rfe8 $15) 20... Rfe8) 20. b3 $14 Rad8 21. h4 Bg7 22. h5 Rd4 23. hxg6 hxg6 {[#]} 24. Rxe6 $1 fxe6 25. Be3 {[%mdl 64] Discovered Attack} Rdd8 (25... Rd6 $16) 26. Qxg6 $18 {White wants to mate with Bh6.} e5 27. Qxc6 bxc6 28. Ne4 ({Stronger than} 28. Bxc5 Rd2 $11) 28... Kf7 29. Nxc5 ({Don't take} 29. Bxc5 $6 Rh8 $16) 29... Ra8 30. Bd2 Red8 31. Ba5 Rd4 32. g3 Bf6 33. Kg2 Kg6 34. Kf3 Kf5 35. Ne4 Rd7 (35... Rb8 $142 36. g4+ Kg6) 36. Rh1 Kg6 37. Bb6 a5 38. Ke2 Rb7 39. Be3 Rbb8 40. Bd2 Rd8 41. Nc5 Ra7 42. Bc3 e4 43. Nxe4 Bxc3 44. Nxc3 {[%mdl 4096] Endgame KRR-KRN} Rad7 {intending ...Rd2+.} 45. Ne4 Rd4 46. f3 R4d7 47. g4 e5 48. Rh5 Rh7 49. Rg5+ Kf7 50. Rxe5 {Hoping for Ng5+.} Rh2+ 51. Ke3 Rxc2 52. Rxa5 {White is clearly winning.} Rb8 53. Rf5+ Kg7 54. Nc5 Re8+ {Accuracy: White = 72%, Black = 41%.} 1-0

[Event "WJCC U20 Open 2019"]
[Site "New Delhi"]
[Date "2019.10.16"]
[Round "2.24"]
[White "Pranav Vijay"]
[Black "Costachi, Mihnea"]
[Result "0-1"]
[WhiteElo "2265"]
[BlackElo "2463"]
[Annotator "TA"]
[PlyCount "46"]
[EventDate "2019.10.15"]
[EventType "swiss"]
[EventCountry "IND"]
[SourceTitle "playchess.com"]
[Source "ChessBase"]
[SourceQuality "1"]

{[%evp 10,91,10,-6,-12,-20,-10,-25,-25,-60,-65,-69,-85,-131,-130,-140,-132,-93,-62,-93,-14,-107,-75,-84,-69,-127,-120,-156,-152,-144,-129,-223,-223,-386,-379,-407,-411,-485,-485,-469,-474,-469,-476,-536,-508,-519,-498,-497,-376,-514,-510,-595,-585,-605,-626,-582,-535,-609,-623,-593,-594,-640,-658,-731,-701,-704,-711,-764,-678,-828,-813,-818,-805,-987,-957,-1405,-1385,-6010,-5633,-29993,-29994,-29998,-29999,-29999]} 1. e4 e5 2. Nf3 Nc6 3. Bb5 a6 4. Ba4 Nf6 5. Bxc6 dxc6 6. Nc3 Bd6 {C77: Ruy Lopez: 3...a6 4 Ba4 Nf6, unusual lines} 7. d3 h6 (7... Be6 8. Bg5 h6 9. Bh4 c5 10. a3 Qe7 11. Qe2 g5 12. Bg3 Nd7 13. Nd2 O-O-O 14. Nc4 f6 {0-1 (41) Maze,S (2526)-Renet,O (2507) Besancon 2006}) 8. h3 Be6 $146 {Black has an edge.} ({Predecessor:} 8... O-O 9. O-O Be6 10. Re1 Nd7 11. d4 exd4 12. Qxd4 Bc5 13. Qd3 f5 14. Be3 fxe4 15. Qxe4 {½-½ (38) Zhusupov,N-Anarkasov,A Bishkek 2017}) 9. O-O Qe7 10. a3 O-O-O 11. b4 {[#]} g5 $1 12. Nh2 Rdg8 13. Ne2 Nh5 14. c4 {[#]} Qd7 ({Black should play} 14... c5 $1 $17) 15. Ng3 (15. Bb2 $11 {remains equal.}) 15... Nf4 16. Ng4 Be7 17. Bb2 ({Avoid the trap} 17. Nxe5 $2 Qd4 $19) ({Better is} 17. Ra2 $1 $15) 17... Nxd3 $17 18. Bc3 Bxc4 19. Nf5 Qe6 20. Nge3 (20. Qc2 $17) 20... Bf6 $19 21. g3 $2 {[#]} (21. Qc2 {might work better.}) 21... Nf4 $1 {[%mdl 512] And now ...Ne2+ would win.} 22. Kh2 (22. gxf4 gxf4+) 22... Rd8 23. Qc1 Ne2 {Played: Bc4-d3} 0-1

[Event "WJCC U20 Open 2019"]
[Site "New Delhi"]
[Date "2019.10.16"]
[Round "2.25"]
[White "Raghunandan, Kaumandur Srihari"]
[Black "Flores Quillas, Diego Saul Rodri"]
[Result "1-0"]
[WhiteElo "2449"]
[BlackElo "2164"]
[Annotator "TA"]
[PlyCount "95"]
[EventDate "2019.10.15"]
[EventType "swiss"]
[EventCountry "IND"]
[SourceTitle "playchess.com"]
[Source "ChessBase"]
[SourceQuality "1"]

{[%evp 17,95,47,50,43,49,54,47,44,62,53,52,45,37,31,27,41,61,54,77,86,157,135,130,140,137,131,124,52,74,56,43,0,0,5,45,21,23,33,55,49,62,61,53,27,60,68,66,0,0,0,0,0,101,0,7,-30,0,0,59,57,490,83,81,81,81,87,131,137,122,143,630,672,29973,6102,29970,6102,6095,1724,6095,6095]} 1. d4 Nf6 2. c4 c5 3. d5 e6 4. Nc3 exd5 5. cxd5 d6 6. e4 g6 7. Nge2 Bg7 8. Ng3 O-O 9. Be2 Re8 10. O-O {A65: Modern Benoni: 6 e4} a6 11. a4 Nbd7 12. h3 {White is slightly better.} Rb8 13. Bg5 Qc7 14. Qd2 c4 {[#]} 15. Rac1 $146 ({Predecessor:} 15. Rfc1 b5 16. axb5 axb5 17. b4 cxb3 18. Nxb5 {1-0 (42) Shtembuliak,E (2538)-Aldama Degurnay,D (2418) Las Vegas 2019}) 15... b5 16. axb5 axb5 17. b4 $1 Qb7 18. Ra1 Ne5 (18... Ra8 $142) 19. Be3 {[#] Hoping for Ra7.} Bd7 20. f4 Nd3 21. Bxd3 cxd3 22. Qxd3 (22. Ra7 $16 Qc8 23. Qxd3) 22... Rbc8 $1 $14 {[%cal Rc8c3] aiming for ...Rxc3!} 23. Ra7 Qb8 24. Rxd7 Nxd7 25. Nxb5 h5 (25... Nb6 $5 {[%cal Rb6c4]}) 26. Rb1 Nf6 27. Na7 Rc7 28. Nc6 Qc8 29. b5 {[%cal Bb4b5,Bb5b6][%mdl 32] Black must now prevent b6.} h4 30. b6 Rd7 31. Nf1 {Nd2 is the strong threat.} Nxe4 32. Rc1 ({White should play} 32. Nd2 $14 Ng3 33. Bf2) 32... Qa8 $11 33. Nd2 Nxd2 34. Bxd2 Qa4 (34... Rb7 $11) 35. Rb1 (35. f5 $16) 35... Rb7 36. Kh2 Ra8 (36... Bh6 $5 {[%cal Rh6f4]} 37. Nd4 Rc8 $15) 37. f5 Qa6 (37... Qa3 $1 $11 38. Qxa3 Rxa3) 38. Qe4 $14 Rxb6 $2 {[%mdl 8192]} (38... Qa3 $14) 39. Rxb6 $2 (39. Ne7+ $18 {and the rest is easy.} Kf8 40. f6 Bxf6 41. Bh6+ Ke8 42. Nxg6+ Kd8 43. Re1) 39... Qxb6 $16 40. fxg6 $40 {[%mdl 128] White has strong attack.} Qc7 41. Bg5 ({Of course not} 41. Qxh4 fxg6 42. Qe4 Kh7 $11) 41... Qd7 42. Qxh4 {Intending Qh7+ and mate.} fxg6 43. Ne7+ {[%mdl 64] [#] Double Attack} Kf7 $2 {[%mdl 8192]} (43... Kf8 $16 44. Qf4+ (44. Nxg6+ Kg8 $18) 44... Ke8 45. Nxg6 Ra5) 44. Qh7 $18 Rb8 45. Qxg6+ Kf8 46. Bf6 (46. Qh7 $142 Kf7 47. Nf5 Qxf5 48. Qxf5+ Kg8 49. Qe6+ {[%mdl 64] Double Attack} Kh8 50. Qxd6 Re8 51. Bf6) 46... Bxf6 47. Qxf6+ Ke8 48. Nc6 {Accuracy: White = 57%, Black = 49%.} 1-0

[Event "WJCC U20 Open 2019"]
[Site "New Delhi"]
[Date "2019.10.16"]
[Round "2.26"]
[White "Wagh Suyog"]
[Black "Raja Harshit"]
[Result "1/2-1/2"]
[WhiteElo "2229"]
[BlackElo "2440"]
[Annotator "NA"]
[PlyCount "170"]
[EventDate "2019.10.15"]
[EventType "swiss"]
[EventCountry "IND"]
[SourceTitle "playchess.com"]
[Source "ChessBase"]
[SourceQuality "1"]
[TimeControl "40/5400+30:1800+30"]

1. d4 Nf6 2. c4 e6 3. Nf3 c5 4. e3 cxd4 5. Nxd4 Be7 6. Nc3 O-O 7. Be2 a6 8. O-O Qc7 9. Bd2 Nc6 10. Rc1 Rd8 11. Qc2 Ne5 12. Ne4 d6 13. b3 Bd7 14. Nxf6+ Bxf6 15. Bc3 Ng6 16. Rfd1 Rac8 17. Qd2 Be8 $14 18. a4 Ne7 19. Ba5 b6 20. Bb4 Qb8 21. Bf3 Nc6 22. Nxc6 Bxc6 23. Bxd6 Bxf3 24. gxf3 Qb7 25. Qe2 Be7 26. Bg3 h5 27. h3 h4 28. Bh2 Bc5 29. Rxd8+ Rxd8 30. Rd1 Qe7 31. Rxd8+ Qxd8 32. Kf1 Qd7 33. Kg2 Qd8 34. Qc2 a5 35. Bf4 e5 36. Bh2 Qd6 37. Qe4 f6 38. f4 exf4 39. Bxf4 Qf8 40. Qd5+ Kh7 41. Qh5+ Kg8 42. Bh2 f5 43. Qxh4 Qa8+ 44. Kg1 Qf3 45. Qd8+ Kh7 46. Qd5 Qxh3 47. Be5 Qg4+ 48. Kf1 Qh5 49. Bc3 Qg4 50. Ke1 Qg1+ 51. Ke2 Qb1 52. Qd1 Qe4 53. Kd2 Kg8 54. Qg1 Bf8 55. Qg6 Qf3 56. Ke1 Qh1+ 57. Kd2 Qf3 58. Qg3 Qe4 59. Qg1 Qf3 60. Qf1 Bc5 61. Qe2 Qg2 62. Kc2 Bf8 63. Kb2 Bc5 64. Kc2 Bf8 65. Kb2 Bc5 66. Bd4 Kf8 67. Qd2 Ke8 68. Bc3 g5 69. Bd4 g4 70. Bxc5 bxc5 71. Kc3 Qf1 72. Qc2 Qa1+ 73. Kd2 Qe5 74. Ke2 Ke7 75. Kf1 Kf6 76. Qd2 Qc7 77. e4 fxe4 78. Qh6+ Kf5 79. Qh5+ Kf6 80. Qxg4 Qe5 81. Kg2 Qf5 82. Qg3 Qg5 83. Kf1 Qc1+ 84. Kg2 Qg5 85. Kh3 Qxg3+ 1/2-1/2